Váhostav : týždenník CZV KSS a vedenia n.p. Váhostav v Žiline, nositeľa Radu práce.

Uložené v:
Podrobná bibliografia
Médium: Časopis
Jazyk:Slovak
Vydané: Žilina : Váhostav, 1954-2001.
Tagy: Pridať tag
Žiadne tagy, Buďte prvý kto otaguje tento záznam!

MARC

LEADER 00000nas a2200000 a 4500
001 000312421
003 SVKK
005 20230303102725.0
008 021125c19542001xo r|p||| |0 a0slo
040 |a BA001  |b slo  |e AACR2 
080 |a 627  |2 2002 
080 |a 331  |2 2002 
245 0 0 |a Váhostav :  |b týždenník CZV KSS a vedenia n.p. Váhostav v Žiline, nositeľa Radu práce. 
260 |a Žilina :  |b Váhostav,  |c 1954-2001. 
310 |a 1x týždenne 
362 0 |a 1 (28. okt. 1954), č. 1 - 2001  |z Slovenská knižnica/2014 
500 |a V rokoch 195?-1990 podnázov: časopis zamestnancov n.p. Váhostav 
500 |a V rokoch 1991-1992 podnázov: týždenník pracujúcich štátneho podniku Váhostav Žilina 
500 |a V rokoch 1993-1998 podnázov: týždenník akciovej spoločnosti 
500 |a V rokoch 1999-2001 podnázov: dvojtýždenník pre pracovný kolektív akciovej spoločnosti Váhostav Žilina 
525 |a Od 13. septembra 1958 do októbra 1959 má prílohu Nová technika 
525 |a V čísle 23-24/1968 - Celopodniková kolektívna zmluva pre rok 1968 
770 1 |t Nová technika 
910 |a KE001  |b E.147 
998 |a SE 
090 |g CASOS  |k Sklad Pribinova 1. posch.  |a E.147  |j 1670  |i 2720856978  |s Zviazaný časopis 
090 |g CASOS  |k Sklad Pribinova 1. posch.  |a E.147  |j 29237  |i 2720856980  |s Zviazaný časopis 
090 |g CASOS  |k Sklad Pribinova 1. posch.  |a E.147  |j 29238  |i 2720856981  |s Zviazaný časopis 
090 |g CASOS  |k Sklad Pribinova 1. posch.  |a E.147  |j 29239  |i 2720856982  |s Zviazaný časopis 
090 |g CASOS  |k Sklad Pribinova 1. posch.  |a E.147  |j 29240  |i 2720856983  |s Zviazaný časopis 
090 |g CASOS  |k Sklad Pribinova 1. posch.  |a E.147  |j 29241  |i 2720856984  |s Zviazaný časopis 
090 |g CASOS  |k Sklad Pribinova 1. posch.  |a E.147  |j 29242  |i 2720856985  |s Zviazaný časopis 
090 |g CASOS  |k Sklad Pribinova 1. posch.  |a E.147  |j 29243  |i 2720856986  |s Zviazaný časopis 
090 |g CASOS  |k Sklad Pribinova 1. posch.  |a E.147  |j 35255  |i 2720856987  |s Zviazaný časopis 
090 |g CASOS  |k Sklad Pribinova 1. posch.  |a E.147  |j 38637  |i 2720856988  |s Zviazaný časopis 
090 |g CASOS  |k Sklad Pribinova 1. posch.  |a E.147  |j 4110  |i 2720856979  |s Zviazaný časopis 
090 |g CASOS  |k Sklad Pribinova 1. posch.  |a E.147  |j 44118  |i 2720856989  |s Zviazaný časopis 
090 |g CASOS  |k Sklad Pribinova 1. posch.  |a E.147  |j 46106  |i 2720856990  |s Zviazaný časopis 
090 |g CASOS  |k Sklad Pribinova 1. posch.  |a E.147  |j 52478  |i 2720856991  |7 chýbajú čísla 13-14,16,19,25-29  |s Zviazaný časopis